Ziraat odaları ve Ziraat Odaları Birliği (Record no. 3478)
[ view plain ]
| 000 -BAŞLIK | |
|---|---|
| Sabit Uzunlukta Kontrol Alanı | 00748na a2200241 4500 |
| 001 - KONTROL NUMARASI | |
| Denetim Alanı | 18368 |
| 003 - KONTROL NUMARASI IDENTIFIER | |
| Denetim Alanı | MIRAKIL |
| 005 - SON İŞLEM TARİHİ VE ZAMANI | |
| Denetim Alanı | 20181213154933.0 |
| 008 - SABİT-BOY VERİ ELEMANLARI - GENEL BİLGİLER | |
| Sabit Uzunlukta Kontrol Alanı | 161117b tu 000 0 |
| 035 ## - SİSTEM KONTROL NUMARASI | |
| Sistem Kontrol Numarası | 18368 |
| 040 ## - KATALOGLAMA KAYNAK | |
| Orijinal Kataloglama Ajansı | Milas |
| Kataloglama Dili | tur |
| Metne Dönüştürmek Ajansı | TR-AnCHP |
| 041 ## - DİL KODU | |
| Metin / Ses Parça Veya Ayrı Başlığın Dil Kodu | tur |
| 082 ## - DEWEY ONLU SINIFLANDIRMA NUMARASI | |
| Sınıflandırma Numarası | 630.06 |
| Ürün Numarası | Z56 1988 |
| 090 ## - SINIFLAMA NUMARASI | |
| Sınıflama Numarası | 630.06 Z56 1988 |
| 245 ## - BAŞLIK TABLOSU | |
| Başlık | Ziraat odaları ve Ziraat Odaları Birliği |
| Başlığın Kalan | kanun ve nizamnamesi |
| Sorumluluk Tablosu, Vb | Ziraat Odaları Birliği |
| 246 ## - UNVAN FORM VARYING | |
| Başlık Doğru / Kısa Başlığı | Kanun ve nizamnamesi |
| 260 ## - YAYIN, DAĞITIM, VB | |
| Yayın, Dağıtım, Vb Yeri | Ankara |
| Yayıncı, Dağıtıcı, Vs Adı | Ziraat Odaları Birliği |
| Yayın, Dağıtım, Vb Tarihi | 1988 |
| 300 ## - FİZİKSEL TANIM | |
| Kapsam | 53 s. |
| Boyutlar | 20 sm. |
| 490 ## - SERİSİ TABLOSU | |
| Seri Beyanı | Ziraat Odaları Birliği |
| Hacim / Ardışık Tanımı | 1 |
| 610 ## - KONU KATMA GİRİŞ - TOPLANTI ADI | |
| Giriş Elemanı Olarak Kurumsal Ad Veya Yargı Alanı Adı | Ziraat Odaları Birliği |
| Genel Alt Bölüm | Hukuk ve mevuzat |
| 650 ## - KONU KATMA GİRİŞ - TOPİKAL DÖNEM | |
| Topikal Süreli Veya Coğrafi Ad Giriş Elemanı | Ziraat odaları |
| Genel Alt Bölümü | Tarım |
| Kronolojik Alt Bölümü | Hukuk ve mevzuat |
| Coğrafi Alt Bölümü | Türkiye |
| 942 ## - EKLENDİ GİRİŞ ELEMANLARI (KOHA) | |
| Sınıflandırma Veya Raf Düzeni Kaynak | Dewey Decimal Classification |
| Koha Öğesi Türü | Books |
| 999 ## - SİSTEM KONTROL NUMARALARI (KOHA) | |
| Koha Biblionumber | 3478 |
| Koha Biblioitemnumber | 3478 |
| Kalıcı Konum | Mevcut Konum | Edinme Tarihi | Edinim Kaynak | Toplam Check-Out'Lar | Tam Çağrı Numarası | Barkod | Tarih Son Görülme | İtibaren Geçerli Fiyatlar | Koha Öğesi Türü |
|---|---|---|---|---|---|---|---|---|---|
| CHP Kütüphanesi | CHP Kütüphanesi | 11/17/2016 | Bağış | 630.06 Z56 1988 | 008739 | 11/17/2016 | 11/17/2016 | Books |
